Entrepreneurship : theory, process and practice/

Saved in:
书目详细资料
主要作者: Kuratko, Donald F.
格式: 图书
出版: South Western : Thomson, c2007
版:7th ed.
主题:
标签: 添加标签
没有标签, 成为第一个标记此记录!

MARC

LEADER 00000nam a2200000 4500
020 |a 0324361963  |c TZS 100395 
040 |a MUL  |b eng  |e AACR 
082 |a 338.04 KUR 
100 |a Kuratko, Donald F. 
245 |a Entrepreneurship :  |b theory, process and practice/   |c Donald F. Kuratko, Richard M. Hodgetts 
250 |a 7th ed. 
260 |a South Western :  |b Thomson,  |c c2007 
300 |a xxiii,757 p. ;  |b ill. :  |c 24 cm 
504 |a Includes index 
650 |a Entrepreneurship 
942 |c BK 
999 |c 8751  |d 8751